00792 2200193 4500245005900000020002200059250001100081100002100092700001800113700002200131650001700153005001900170260004800189041001400237084001100251300002600262500030100288336000900589 aToko Jajanan Ajaib Zenitendo 2cHiroshima, ReikohText a978-623-134-085-6 aCet. 1 aHiroshima, Reiko aFaira Ammadea aAprilia Ramadhani aNovel Remaja a20250305084836 aJakartabKepustakaan Populer Gramediac2023 aIndonesia a808.83 avi, 149 hlm. :cilus. aDi toko jajanan ajaib Zenitendo semua keinginan pembelinya bisa terwujud. Hanya saja, semua perkataan Beniko, pemilik toko harus selalu dituruti. Jika tidak, nasib buruk akan jadi akibatnya. Jajanan dalam buku ini, di antaranya Roti Gulung Pencuri, Kartu Balas Dendam, dan Tas Dokter Permen Soda. atext